00620 2200217 4500001002100000005001700021008004100038035002400079082000800103090001300111245009300124250001100217260006000228300002500288650002100313700001700334850001500351980001500366985000600381999001500387YOGYA-0209000004127320090227025742.0 ind  0010-020900000041273 a333 a333bPel aPELAKSANAANtugas keagrariaan dalam pembangunancPanitya penyusun B.B. Siregar...[et.al.] aCet. 1 aJakartabDepartemen Dalam Negeri Dirjend. Agrariac1980 a321 hlmbilusc22 cm aAgraria, masalah aSiregar, B.B aYOPDYOG(B) a20-01-2008 a1 a07A0027602